Biorenzistentná rezná kvapalina Biorol

Bibliographic Details
Main Authors: Dostálík, Jaroslav (Author), Trnik, Eduard (Author)
Format: Article
Language:Slovak
PhysicalDescription:Obr. 1. Tb. 1.
Subjects:

MARC

LEADER 00000nab a2200000 a 4500
001 vtls000343308
003 SK-MaSNL
005 20260303185324.0
008 230120c1988 xo 0 slo
015 |a SNBRB19rr/mm-uuuuu 
035 |a CL0343430 
035 |a urn:nbn:sk:snk-abana6 
035 |a (urnnbn)urn:nbn:sk:snk:ar-a0a5dj 
035 |a (uuid)e1b3d250-402a-4c0a-9190-c569ce414b2d 
040 |a SNKBUCL  |b slo  |c SNKBUCL  |e AACR2 
041 0 |a slo 
044 |a xo  |c SK 
080 |a 621.892.6:621.9  |2 1981 
080 |a 621.9  |2 1981 
100 1 |a Dostálík, Jaroslav  |4 aut  |9 647354 
245 1 0 |a Biorenzistentná rezná kvapalina Biorol  |c Jaroslav Dostálík, Eduard Trnik 
300 |b Obr. 1. Tb. 1. 
650 0 7 |a biorezistentné rezné kvapaliny  |2 snkbucl  |9 1216398 
650 0 7 |a Biorol (kvapalina rezná biorezistentná)  |2 snkbucl  |9 1216399 
655 7 |a články z novín a časopisov  |2 snkbucl  |9 267496 
700 1 |a Trnik, Eduard  |4 aut  |9 1216390 
773 0 |t Ropa a uhlie  |g Roč. 30, č. 12 (1988), s. 732-736 
850 |a Slovenská národná knižnica v Martine  |a MTA001 
852 |a SNK  |b KIS3GCP 
958 |a OND 
958 |a RK 
958 |a EUIPO 
958 |a article14 
992 |a RBX 
999 |c 2130813  |d 2132743